Most Goals in Football History - Statistics

General Stats
  • This quiz has been taken 106 times
  • The average score is 9 of 26
Answer Stats
Rank Goals Scored Notable Club Player % Correct
1 962 Real Madrid Cristiano Ronaldo
100%
2 896 Barcelona Lionel Messi
99%
3 762 Santos Pele
92%
9 634 Bayern Munich Gerd Muller
74%
7 690 Bayern Munich Robert Lewandowski
73%
22 517 Real Madrid Karim Benzema
64%
5 725 Real Madrid Ferenc Puskas
51%
12 600 Liverpool Luis Suarez
49%
20 537 Real Madrid Alfredo Di Stefano
45%
13 578 Benfica Eusebio
42%
15 561 AC Milan Zlatan Ibrahimovic
42%
4 756 PSV Eindhoven Romario
29%
6 722 Slavia Prague Josef Bican
15%
24 506 Real Madrid Hugo Sanchez
13%
18 552 Hamburg Uwe Seeler
12%
26 501 Flamengo Zico
11%
23 513 Vasco da Gama Roberto Dinamite
7%
11 624 Heerenveen Abe Lenstra
6%
8 639 Glenavon Jimmy Jones
6%
17 553 Sporting CP Fernando Peyroteo
3%
25 503 Rapid Wien Franz Binder
3%
14 563 Glenavon Glenn Ferguson
3%
21 530 Ferencvaros Gyorgy Sarosi
3%
10 626 Linfield Joe Bambrick
3%
16 553 Ferencvaros Imre Schlosser
2%
19 550 Celtic Jimmy McGrory
2%
No matching quizzes found
Score Distribution
Percent of People with Each Score
Percentile by Number Answered
Your Score History
You have not taken this quiz